Children's Books by Last Line Quiz Stats

Quiz Updated Apr 4, 2012

Challenge
Share
Tweet
Embed
Score 0/20 Timer 08:00
2 Plays Today
Last Line Book % Correct
“Thank you, Sam-I-am.”Green Eggs and Ham
84.1%
But Flopsy, Mopsy, and Cotton-tail had bread and milk and blackberries, for supper.The Tale of Peter Rabbit
74.5%
“And how happy I am, now that I have become a real boy!”The Adventures of Pinocchio
67.4%
“Oh, my girls, however long you may live, I can never wish you a greater happiness than this!”Little Women
53.1%
“God’s in His heaven, all’s right with the world,” whispered Anne softly.Anne of Green Gables
50.7%
When Margaret grows up she will have a daughter, who is to be Peter’s mother in turn; and thus it will go on, so long as children are gay and innocent and heartless.Peter Pan
49.3%
He was a beautiful butterfly!The Very Hungry Caterpillar
45.7%
So Lyra and her dæmon turned away from the world they were born in, and looked towards the sun, and walked into the sky.Northern Lights
38%
“I’m so glad to be home again!”The Wonderful Wizard of Oz
36.9%
And by his side with his head up in the air and his eyes full of laughter walked as strongly and steadily as any boy in Yorkshire – Master Colin.The Secret Garden
31%
Last Line Book % Correct
This was base libel on Badger, who, though he cared little about Society, was rather fond of children; but it never failed to have its full effect.The Wind in the Willows
30.7%
If ever you have the luck to go to Narnia yourself, do not forget to have a look at those caves.The Silver Chair
23.9%
All was well.Harry Potter and the Deathly Hallows
21.1%
But wherever they go, and whatever happens to them on the way, in that enchanted place on the top of the Forest a little boy and his Bear will always be playing.The House at Pooh Corner
13.9%
I been there before.The Adventures of Huckleberry Finn
13.3%
What I've been trying so hard to tell you all along is simply that my father, without the slightest doubt, was the most marvellous and exciting father any boy ever had.Danny, Champion of the World
8.2%
My troubles are all over, and I am at home; and often before I am quite awake, I fancy I am still in the orchard at Birtwick, standing with my old friends under the apple-trees.Black Beauty
8.1%
I asked Argus to take me down to cabin three, so I could pack my bags for home.The Lightning Thief
7.8%
Send me word that he has come back.The Little Prince
5.5%
This passed away as the puppies' antics and mauling continued, and he lay with half-shut patient eyes, drowsing in the sun.White Fang
3.1%

You're not logged in!

Compare scores with friends on all Sporcle quizzes.
Sign Up with Email
OR
Log In

You Might Also Like...

Show Comments

Extras

Top Quizzes Today


Score Distribution

Your Account Isn't Verified!

In order to create a playlist on Sporcle, you need to verify the email address you used during registration. Go to your Sporcle Settings to finish the process.